Throne of glass / (Record no. 599822)

000 -LEADER
fixed length control field 00379nam a2200133Ia 4500
008 - FIXED-LENGTH DATA ELEMENTS--GENERAL INFORMATION
fixed length control field 230907s9999||||xx |||||||||||||| ||und||
082 ## - DEWEY DECIMAL CLASSIFICATION NUMBER
Classification number 813.6
Author Mark MAA
100 ## - MAIN ENTRY--PERSONAL NAME
Personal name Maas, Sarah J.
9 (RLIN) 115832
245 #0 - TITLE STATEMENT
Title Throne of glass /
260 ## - PUBLICATION, DISTRIBUTION, ETC.
Place of publication, distribution, etc. Bloomsbury,
Name of publisher, distributor, etc. New York :
Date of publication, distribution, etc. 2012
300 ## - PHYSICAL DESCRIPTION
Extent 406 p. ;
650 ## - SUBJECT ADDED ENTRY--TOPICAL TERM
Topical term or geographic name entry element English Literature Fiction. Fiction. Fiction. Fiction.
9 (RLIN) 115833
942 ## - ADDED ENTRY ELEMENTS (KOHA)
Koha item type Book
Holdings
Withdrawn status Lost status Damaged status Not for loan Permanent Location Current Location Date acquired Total Checkouts Full call number Barcode Date last seen Price effective from Koha item type
        US-Pakistan Center for Advanced Studies in Energy (USPCAS-E) US-Pakistan Center for Advanced Studies in Energy (USPCAS-E) 09/13/2019   813.6 MAA CAS-E0003921 09/12/2023 09/12/2023 Book
© 2023 Central Library, National University of Sciences and Technology. All Rights Reserved.